Every Manchester City Goal 2016/17 Quiz Stats

 Plays Quiz not verified by Sporcle

Score 0/122 Timer 06:00
0 Plays Today
Goal Number, Opponent, Goal Time Player % Correct
Goal #1 vs Sunderland (H), '4Sergio Aguero
99.4%
Goal #4 vs Steaua Bucharest (A), '41Sergio Aguero
99.4%
Goal #6 vs Steaua Bucharest (A), '79Sergio Aguero
99.4%
Goal #7 vs Steaua Bucharest (A), '89Sergio Aguero
99.4%
Goal #8 vs Stoke City (A), '27Sergio Aguero
99.3%
Goal #9 vs Stoke City (A), '35Sergio Aguero
99.3%
Goal #18 vs Borussia Monchengladbach (H), 8Sergio Aguero
99.2%
Goal #19 vs Borussia Monchengladbach (H), 28Sergio Aguero
99.2%
Goal #20 vs Borussia Monchengladbach (H), 77Sergio Aguero
99.2%
Goal #28 vs Swansea City (A), 9Sergio Aguero
99.1%
Goal #29 vs Swansea City (A), 65Sergio Aguero
99.1%
Goal #37 vs West Bromwich Albion (A), 28Sergio Aguero
98.9%
Goal #36 vs West Bromwich Albion (A), 19Sergio Aguero
98.9%
Goal #43 vs Middlesbrough (H), 43Sergio Aguero
98.9%
Goal #47 vs Burnley (A), 37Sergio Aguero
98.8%
Goal #48 vs Burnley (A), 60Sergio Aguero
98.8%
Goal #61 vs Burnley (H), 62Sergio Aguero
98.5%
Goal #65 vs West Ham United (A), 50Sergio Aguero
98.5%
Goal #81 vs A.S. Monaco (H), 58Sergio Aguero
98.1%
Goal #82 vs A.S. Monaco (H), 71Sergio Aguero
98.1%
Goal #88 vs Huddersfield Town (A), 73Sergio Aguero
98.1%
Goal #86 vs Huddersfield Town (A), 35Sergio Aguero
98.1%
Goal #90 vs Sunderland (A), 42Sergio Aguero
98.1%
Goal #93 vs Middlesbrough (A), 67Sergio Aguero
98.1%
Goal #95 vs Liverpool (H), 69Sergio Aguero
98%
Goal #97 vs Arsenal (A), 42Sergio Aguero
97.8%
Goal #98 vs Chelsea (A), 26Sergio Aguero
97.8%
Goal #100 vs Hull City (H), 48Sergio Aguero
97.8%
Goal #104 vs Southampton (A), 79Sergio Aguero
97.8%
Goal #105 vs Arsenal (N), 62Sergio Aguero
97.8%
Goal #106 vs Middlesbrough (A), 69Sergio Aguero
97.7%
Goal #119 vs Watford (A), 23Sergio Aguero
97.7%
Goal #120 vs Watford (A), 37Sergio Aguero
97.7%
Goal #68 vs Tottenham Hotspur (H), 54Kevin de Bruyne
96%
Goal #72 vs West Ham United (A), 17Kevin de Bruyne
95.6%
Goal #73 vs West Ham United (A), 21David Silva
95.6%
Goal #108 vs Crystal Palace (H), 3David Silva
95.5%
Goal #113 vs Leicester City (H), 29David Silva
95.4%
Goal #64 vs West Ham United (A), 42David Silva
95.4%
Goal #56 vs Arsenal (H), 71Raheem Sterling
95.3%
Goal #92 vs Middlesbrough (A), 3David Silva
95.1%
Goal Number, Opponent, Goal Time Player % Correct
Goal #41 vs Barcelona (H), 51Kevin de Bruyne
94.9%
Goal #110 vs Crystal Palace (H), 59Kevin de Bruyne
94.3%
Goal #116 vs West Bromwich Albion (H), 29Kevin de Bruyne
94.3%
Goal #69 vs Crystal Palace (A), 43Raheem Sterling
94.1%
Goal #22 vs Bournemouth (H), 15Kevin de Bruyne
94%
Goal #30 vs Swansea City (A), 77Raheem Sterling
93.8%
Goal #78 vs Bournemouth (A), 29Raheem Sterling
93.7%
Goal #32 vs Celtic (A), 28Raheem Sterling
93.6%
Goal #24 vs Bournemouth (H), 48Raheem Sterling
93.6%
Goal #80 vs A.S. Monaco (H), 26Raheem Sterling
93.5%
Goal #16 vs Manchester United (A), 15Kevin de Bruyne
93.4%
Goal #54 vs Watford (H), 86David Silva
93.4%
Goal #111 vs Crystal Palace (H), 82Raheem Sterling
93.2%
Goal #13 vs West Ham United (H), 7Raheem Sterling
92.6%
Goal #15 vs West Ham United (H), 90+2Raheem Sterling
92.6%
Goal #46 vs Borussia Monchengladbach (A), 45+1David Silva
92.5%
Goal #57 vs Hull City (A), 73Yaya Toure
92.3%
Goal #62 vs West Ham United (A), 32Yaya Toure
91.5%
Goal #71 vs Crystal Palace (A), 90+2Yaya Toure
91.5%
Goal #75 vs West Ham United (A), 67Yaya Toure
91.2%
Goal #94 vs A.S. Monaco (A), 71Leroy Sané
91.2%
Goal #44 vs Crystal Palace (A), 39Yaya Toure
91%
Goal #45 vs Crystal Palace (A), 83Yaya Toure
91%
Goal #84 vs A.S. Monaco (H), 82Leroy Sané
90.7%
Goal #121 vs Watford (A), 42Fernandinho
90.7%
Goal #70 vs Crystal Palace (A), 71Leroy Sané
90.7%
Goal #85 vs Huddersfield Town (A), 30Leroy Sané
90.5%
Goal #74 vs West Ham United (A), 39Gabriel Jesus
90.4%
Goal #67 vs Tottenham Hotspur (H), 49Leroy Sané
90.3%
Goal #91 vs Sunderland (A), 59Leroy Sané
90.3%
Goal #96 vs Arsenal (A), 5Leroy Sané
90.2%
Goal #103 vs Southampton (A), 76Leroy Sané
90.2%
Goal #76 vs Swansea City (H), 11Gabriel Jesus
90.2%
Goal #77 vs Swansea City (H), 90+2Gabriel Jesus
90.2%
Goal #107 vs Middlesbrough (A), 85Gabriel Jesus
88.6%
Goal #114 vs Leicester City (H), 36Gabriel Jesus
88.5%
Goal #115 vs West Bromwich Albion (H), 27Gabriel Jesus
88.5%
Goal #117 vs West Bromwich Albion (H), 29Yaya Toure
88.5%
Goal #122 vs Watford (A), 59Gabriel Jesus
88.4%
Goal #3 vs Steaua Bucharest (A), '13David Silva
88%
Goal #109 vs Crystal Palace (H), 49Vincent Kompany
87.5%
Goal Number, Opponent, Goal Time Player % Correct
Goal #118 vs Watford (A), 5Vincent Kompany
87.2%
Goal #102 vs Southampton (A), 55Vincent Kompany
87%
Goal #55 vs Arsenal (H), 47Leroy Sané
85.1%
Goal #112 vs Crystal Palace (H), 90+2Nicolás Otamendi
84.1%
Goal #31 vs Celtic (A), 11Fernandinho
83.2%
Goal #66 vs West Ham United (A), 83John Stones
83.1%
Goal #83 vs A.S. Monaco (H), 77John Stones
82.4%
Goal #60 vs Burnley (H), 58Gael Clichy
79.3%
Goal #14 vs West Ham United (H), 18Fernandinho
78.3%
Goal #87 vs Huddersfield Town (A), 38Pablo Zabaleta
78.1%
Goal #58 vs Hull City (A), 78Kelechi Iheanacho
76.2%
Goal #50 vs Celtic (H), 8Kelechi Iheanacho
75.5%
Goal #51 vs Leicester City (A), 81Aleksandar Kolarov
75.5%
Goal #21 vs Borussia Monchengladbach (H), 90+1Kelechi Iheanacho
74.5%
Goal #23 vs Bournemouth (H), 25Kelechi Iheanacho
74.4%
Goal #53 vs Watford (H), 32Pablo Zabaleta
74.3%
Goal #38 vs West Bromwich Albion (A), 79Ilkay Gundogan
74.3%
Goal #39 vs West Bromwich Albion (A), 90+1Ilkay Gundogan
74.3%
Goal #35 vs Southampton (H), 55Kelechi Iheanacho
74%
Goal #40 vs Barcelona (H), 39Ilkay Gundogan
74%
Goal #42 vs Barcelona (H), 74Ilkay Gundogan
74%
Goal #17 vs Manchester United (A), 36Kelechi Iheanacho
73%
Goal #89 vs Huddersfield Town (A), 90+1Kelechi Iheanacho
72.4%
Goal #5 vs Steaua Bucharest (A), '49Nolito
71.4%
Goal #10 vs Stoke City (A), '86Nolito
71.4%
Goal #11 vs Stoke City (A), '90+4Nolito
71.4%
Goal #25 vs Bournemouth (H), 66Ilkay Gundogan
70.5%
Goal #33 vs Celtic (A), 55Nolito
69.1%
Goal #34 vs Everton (H), 72Nolito
68.1%
Goal #52 vs Leicester City (A), 89Nolito
67.1%
Goal #26 vs Swansea City (A), 49Gael Clichy
66.8%
Goal #101 vs Hull City (H), 64Fabian Delph
59.8%
Goal #12 vs Steaua Bucharest (H), '56Fabian Delph
47.4%
Goal #2 vs Sunderland (H), '87Paddy McNair (Own Goal)
44.6%
Goal #49 vs Chelsea (H), 45+1Gary Cahill (Own Goal)
40.4%
Goal #59 vs Hull City (A), 90+3Curtis Davies (Own Goal)
38.5%
Goal #27 vs Swansea City (A), 67Aleix Garcia
36.7%
Goal #79 vs Bournemouth (A), 69Tyrone Mings (Own Goal)
35.1%
Goal #63 vs West Ham United (A), 40Havard Nordtveit (Own Goal)
33.8%
Goal #99 vs Hull City (H), 31Ahmed Elmohamady (Own Goal)
33.7%

You're not logged in!

Compare scores with friends on all Sporcle quizzes.
OR
Log In

Sporcle TV

Today on Sporcle TV


Watch our educational content, quiz creation guides, and fun videos on Sporcle TV.

Show Comments

Extras

Top Quizzes Today


Score Distribution

Your Account Isn't Verified!

In order to create a playlist on Sporcle, you need to verify the email address you used during registration. Go to your Sporcle Settings to finish the process.

Report this User

Report this user for behavior that violates our Community Guidelines.

Details: